Presentations in Action. (Record no. 349990)

000 -LEADER
fixed length control field 00633nam a22002417a 4500
003 - CONTROL NUMBER IDENTIFIER
control field OSt
005 - DATE AND TIME OF LATEST TRANSACTION
control field 20180116183004.0
008 - FIXED-LENGTH DATA ELEMENTS--GENERAL INFORMATION
fixed length control field 150805b xxu||||| |||| 00| 0 eng d
020 ## - INTERNATIONAL STANDARD BOOK NUMBER
International Standard Book Number 9788131765548
022 ## - INTERNATIONAL STANDARD SERIAL NUMBER
International Standard Serial Number 9788131765548
040 ## - CATALOGING SOURCE
Transcribing agency 0
050 ## - LIBRARY OF CONGRESS CALL NUMBER
Classification number 658.452
082 ## - DEWEY DECIMAL CLASSIFICATION NUMBER
Classification number 658.452
100 ## - MAIN ENTRY--PERSONAL NAME
Personal name Weissman,Jerry.
245 ## - TITLE STATEMENT
Title Presentations in Action.
Remainder of title 80 Memorable Presentation Lessons from the Masters.
Statement of responsibility, etc. Jerry Weissman.
250 ## - EDITION STATEMENT
Edition statement 1st.
260 ## - PUBLICATION, DISTRIBUTION, ETC.
Place of publication, distribution, etc. New Delhi
Name of publisher, distributor, etc. PEARSON
Date of publication, distribution, etc. 2012.
300 ## - PHYSICAL DESCRIPTION
Extent 188p.
500 ## - GENERAL NOTE
General note Hard Cover
600 ## - SUBJECT ADDED ENTRY--PERSONAL NAME
Personal name Weissman,Jerry.
700 ## - ADDED ENTRY--PERSONAL NAME
Personal name Weissman,Jerry.
942 ## - ADDED ENTRY ELEMENTS (KOHA)
Source of classification or shelving scheme
Koha item type Book
Call number prefix 658.452
Holdings
Withdrawn status Lost status Source of classification or shelving scheme Damaged status Not for loan Collection code Permanent Location Current Location Shelving location Date acquired Total Checkouts Full call number Barcode Date last seen Price effective from Koha item type
            Central Library (CL) Central Library (CL) General Stacks 08/05/2015   658.452 WEI NBS9250 08/05/2015 08/05/2015 Book
© 2023 Central Library, National University of Sciences and Technology. All Rights Reserved.